Wymień wszystkie części CoDa - Statystyki

Ogólne statystyki
  • Ten quiz został rozwiązany 63 razy
  • Średni wynik to 11 z 17
Statystyki odpowiedzi
Hint Odpowiedź % Poprawnych
2003 call of duty
100%
2019 call of duty modern warfare
93%
2005 call of duty 2
84%
2010 call of duty black ops
82%
2006 call of duty 3
80%
2012 call of duty black ops 2
77%
2009 call of duty modern warfare 2
75%
2015 call of duty black ops 3
73%
2011 call of duty modern warfare 3
71%
2018 call of duty black ops 4
59%
2008 call of duty world at war
59%
2013 call of duty ghosts
54%
2007 call of duty 4 modern warfare
50%
2014 call of duty advanced warfare
48%
2017 call of duty ww2
48%
2004 call of duty united offensive
32%
2016 call of duty infinite warfare
11%
Nie znaleziono quizów pasujących do podanych kryteriów
Rozkład punktacji
Procent ludzi z każdym wynikiem
Percentyl według liczby udzielonych odpowiedzi
Twoja historia wyników
Nie rozwiązałeś tego quizu